[Event "Joao Pessoa de Assis Memorial 3rd"]
[Site "Joao Pessoa"]
[Date "2023.10.20"]
[Round "1"]
[White "Espinola, Jose Mario"]
[Black "Da Silva Neto, Nilo Gomes"]
[Result "0-1"]
[WhiteElo "1555"]
[BlackElo "1906"]
[PlyCount "60"]
[EventDate "2023.10.20"]
[EventType "swiss"]
[EventRounds "6"]
[EventCountry "BRA"]
[SourceTitle "Mega2024 Update 01"]
[Source "Chessbase"]
[SourceDate "2023.11.12"]
[SourceVersion "1"]
[SourceVersionDate "2023.11.12"]
[SourceQuality "1"]

1. d4 d5 2. c4 dxc4 3. Nc3 a6 4. a4 Nc6 5. Nf3 Bg4 6. e3 Na5 7. Rb1 Nf6 8. e4 e6 9. Bg5 Bxf3 10. gxf3 Be7 11. Bh3 c5 12. Ne2 Nc6 13. dxc5 Qxd1+ 14. Rxd1 Bxc5 15. Bxf6 gxf6 16. f4 Rg8 17. Kf1 Nb4 18. Nc1 Ke7 19. Bg2 Bd6 20. f5 Be5 21. Rd2 Rad8 22. Rxd8 Rxd8 23. b3 Bb2 24. Ke2 c3 25. Rd1 Bxc1 26. Rxc1 Rd2+ 27. Ke3 Rxf2 28. Bf3 Rc2 29. Rxc2 Nxc2+ 30. Kf2 Nd4 0-1

[Event "Joao Pessoa op"]
[Site "Joao Pessoa"]
[Date "2023.03.18"]
[Round "4"]
[White "De Carvalho, Antonio Azevedo"]
[Black "Da Silva Neto, Nilo Gomes"]
[Result "0-1"]
[WhiteElo "2119"]
[BlackElo "1861"]
[PlyCount "116"]
[EventDate "2023.03.17"]
[EventType "swiss"]
[EventRounds "6"]
[EventCountry "BRA"]
[SourceTitle "EXT 2024"]
[Source "ChessBase"]
[SourceDate "2023.10.10"]
[SourceVersion "1"]
[SourceVersionDate "2023.10.10"]
[SourceQuality "1"]

1. e4 e5 2. Bc4 Nf6 3. Nc3 Nxe4 4. Bxf7+ Kxf7 5. Nxe4 d5 6. Ng3 g6 7. d3 Bg7 8. Nf3 Re8 9. 0-0 Kg8 10. Re1 Nc6 11. Bg5 Qd6 12. c3 Bg4 13. h3 Bxf3 14. Qxf3 Rf8 15. Qe2 Rae8 16. Rad1 Nd8 17. Bxd8 Rxd8 18. Qc2 c6 19. Re2 Rd7 20. Rde1 Rdf7 21. Qb3 Qc5 22. Rf1 Bf6 23. Qa4 Bd8 24. Nh1 Bb6 25. Qc2 Qd6 26. Rfe1 Rf5 27. Qd2 Qf6 28. Rf1 Qd6 29. Ng3 R5f7 30. Qg5 Kg7 31. Qg4 Kh8 32. Qg5 Rf4 33. Nh1 R8f5 34. Qg3 Qf6 35. Qh2 Kg7 36. Qg3 h5 37. d4 exd4 38. cxd4 Bxd4 39. Qa3 Re5 40. Rfe1 Rff5 41. Rxe5 Rxe5 42. Rxe5 Qxe5 43. Qb4 Bb6 44. a4 Qd4 45. Qe7+ Kh6 46. Qf8+ Qg7 47. Qf4+ Kh7 48. b3 Bc7 49. Qc1 Qd4 50. g3 Be5 51. Kg2 h4 52. Qe1 Qe4+ 53. Qxe4 dxe4 54. Kf1 g5 55. Ke2 Bd4 56. f3 e3 57. f4 gxf4 58. gxf4 a5 0-1

[Event "Joao Pessoa Fischer Memorial 11th"]
[Site "Joao Pessoa"]
[Date "2022.05.07"]
[Round "3"]
[White "Cassiano, Lazaro V Amarante"]
[Black "Da Silva Neto, Nilo Gomes"]
[Result "0-1"]
[WhiteElo "1440"]
[BlackElo "1811"]
[PlyCount "62"]
[EventDate "2022.05.06"]
[EventType "swiss"]
[EventRounds "6"]
[EventCountry "BRA"]
[SourceTitle "EXT 2023"]
[Source "ChessBase"]
[SourceDate "2022.10.05"]
[SourceVersion "1"]
[SourceVersionDate "2022.10.05"]
[SourceQuality "1"]

1. d4 d5 2. c4 dxc4 3. Nc3 a6 4. a4 Nc6 5. d5 Na5 6. Bf4 Nf6 7. e4 e6 8. Nf3 Bb4 9. Qd4 exd5 10. Bg5 Nb3 11. Qe5+ Qe7 12. Bxf6 gxf6 13. Qxe7+ Kxe7 14. Rd1 dxe4 15. Nd2 Bxc3 16. bxc3 Nxd2 17. Rxd2 b5 18. Ra2 Be6 19. g3 Rhd8 20. h3 Kd6 21. Bg2 f5 22. 0-0 Kc5 23. g4 c6 24. gxf5 Bxf5 25. a5 Rd3 26. Rc1 Rad8 27. Kh2 Rd2 28. Raa1 e3 29. Re1 R8d3 30. Rac1 Be6 31. Be4 exf2 0-1

[Event "Joao Pessoa Fischer Memorial 11th"]
[Site "Joao Pessoa"]
[Date "2022.05.07"]
[Round "4"]
[White "Da Silva Neto, Nilo Gomes"]
[Black "Vicentin, Marcos Tadeu"]
[Result "1/2-1/2"]
[WhiteElo "1811"]
[BlackElo "1959"]
[PlyCount "52"]
[EventDate "2022.05.06"]
[EventType "swiss"]
[EventRounds "6"]
[EventCountry "BRA"]
[SourceTitle "EXT 2023"]
[Source "ChessBase"]
[SourceDate "2022.10.05"]
[SourceVersion "1"]
[SourceVersionDate "2022.10.05"]
[SourceQuality "1"]

1. e4 c5 2. Nf3 d6 3. Nc3 Nf6 4. e5 Ng4 5. exd6 exd6 6. Bb5+ Bd7 7. Qe2+ Qe7 8. Nd5 Qxe2+ 9. Bxe2 Kd8 10. h3 Ne5 11. d3 Nbc6 12. Nxe5 dxe5 13. c3 Bd6 14. 0-0 Ne7 15. Nxe7 Kxe7 16. f4 Bc6 17. fxe5 Bxe5 18. Be3 b6 19. Bf3 Bxf3 20. Rxf3 Rhe8 21. Re1 Kf8 22. Bf4 Bxf4 23. Rxe8+ Rxe8 24. Rxf4 Re1+ 25. Rf1 Re2 26. Rf2 Re1+ 1/2-1/2

[Event "Joao Pessoa de Assis Memorial 1st"]
[Site "Joao Pessoa"]
[Date "2019.11.16"]
[Round "4"]
[White "Da Silva Neto, Nilo Gomes"]
[Black "De Oliveira, Sergio Aparecido"]
[Result "1/2-1/2"]
[WhiteElo "1800"]
[BlackElo "1779"]
[PlyCount "37"]
[EventDate "2019.11.15"]
[EventType "swiss"]
[EventRounds "6"]
[EventCountry "BRA"]
[SourceTitle "CBM 193 Extra"]
[Source "ChessBase"]
[SourceDate "2020.01.31"]
[SourceVersion "1"]
[SourceVersionDate "2020.01.31"]
[SourceQuality "1"]

1. e4 d6 2. d4 Nf6 3. Nc3 g6 4. f4 Bg7 5. Nf3 0-0 6. Bd3 Na6 7. 0-0 c5 8. Bxa6 cxd4 9. Qxd4 bxa6 10. Be3 Ng4 11. Qd2 Nxe3 12. Qxe3 Bb7 13. Rfe1 Qb6 14. Qxb6 axb6 15. Nd5 Bxd5 16. exd5 Bxb2 17. Rab1 Bc3 18. Rxe7 b5 19. a3 1/2-1/2

[Event "Joao Pessoa de Assis Memorial 1st"]
[Site "Joao Pessoa"]
[Date "2019.11.16"]
[Round "3"]
[White "Fonseca, Lucio Flavio Reis D"]
[Black "Da Silva Neto, Nilo Gomes"]
[Result "1/2-1/2"]
[WhiteElo "1796"]
[BlackElo "1800"]
[PlyCount "110"]
[EventDate "2019.11.15"]
[EventType "swiss"]
[EventRounds "6"]
[EventCountry "BRA"]
[SourceTitle "CBM 193 Extra"]
[Source "ChessBase"]
[SourceDate "2020.01.31"]
[SourceVersion "1"]
[SourceVersionDate "2020.01.31"]
[SourceQuality "1"]

1. c4 Nf6 2. Nc3 e5 3. e4 Bc5 4. d3 c6 5. Nf3 d6 6. Bg5 Qb6 7. Qc2 Ng4 8. Bh4 f6 9. h3 h5 10. a3 Nh6 11. b4 Bd4 12. Nxd4 Qxd4 13. f3 Qb6 14. Bf2 Qc7 15. b5 Be6 16. Rb1 Qa5 17. Be2 Qxa3 18. 0-0 Qa5 19. b6 c5 20. Rb5 Qa6 21. Qb2 axb6 22. Rxb6 Qa3 23. Qxa3 Rxa3 24. Nb5 Ra2 25. Bd1 Nf7 26. Nxd6+ Nxd6 27. Rxd6 Kf7 28. Bxc5 Nd7 29. Bb4 Rha8 30. f4 exf4 31. Bxh5+ g6 32. Bxg6+ Kxg6 33. Rxe6 Rb2 34. Rd6 Raa2 35. Rxf4 Rxg2+ 36. Kf1 Rh2 37. Rg4+ Kh6 38. Be1 Ne5 39. Rxf6+ Kh7 40. Rg1 Rxh3 41. Bc3 Rxd3 42. Rf5 Rf3+ 43. Rxf3 Nxf3 44. Rg7+ Kh6 45. Rxb7 Kg5 46. Rb2 Rxb2 47. Bxb2 Nd2+ 48. Ke2 Nxc4 49. Bc3 Kf4 50. Kd3 Ne5+ 51. Kd4 Nc6+ 52. Kd3 Kf3 53. Bf6 Kf4 54. Bg7 Ne5+ 55. Kd4 Nc6+ 1/2-1/2